000 002870000a22001090004500
090 _aAS
_bSeriadas
245 1 0 _aNueva Inga de Colombia
041 0 _aEspañol
100 1 _aUribe Uribe, Lorenzo
_996776
942 _cARTICULO
773 1 _tMutisia: Acta Botánica Colombiana
_3893
_h1
_q5-6
_d1952
999 _c15319
_d15319